| 000 | 00551nam a2200121Ia 4500 | ||
|---|---|---|---|
| 008 | 220621s9999||||xx |||||||||||||| ||und|| | ||
| 100 | _aGero, Domokos | ||
| 245 | 0 | _aChapter Hyperglycemia-Induced Endothelial Dysfunction | |
| 546 | _aEnglish[eng] | ||
| 650 | _ahyperglycemia, diabetes, endothelial cells, oxidative stress, mitochondria, electron transport chain, superoxide, bioenergetics | ||
| 856 | _uhttps://library.oapen.org/bitstream/20.500.12657/49257/1/57915.pdf||https://library.oapen.org/bitstream/20.500.12657/49257/1/57915.pdf | ||
| 942 | _cEB | ||
| 999 |
_c36995 _d36995 |
||